| 000 | 00566nam a2200181 a 4500 | ||
|---|---|---|---|
| 005 | 20250619063846.0 | ||
| 008 | 991125s1971 mx 000 0 spa u | ||
| 035 | _aUPN01000004570 | ||
| 049 | _aCG | ||
| 050 | 4 |
_aNX440 _aF5.28 |
|
| 100 | 1 |
_aFleming, William, _dn. 1878 _934567 |
|
| 245 | 1 | 0 |
_aArte, música e ideas / _cpor William Fleming ; tr. José Rafael Blengio Prieto. |
| 260 |
_aMéxico : _bInteramericana, _c1971. |
||
| 300 |
_a381 p., [15] h. láms. : _bil. |
||
| 650 | 4 |
_aArte _xHistoria _92484 |
|
| 650 | 4 |
_aMúsica _xHistoria y crítica _99043 |
|
| 905 | _aLibro | ||
| 999 |
_c4570 _d4570 |
||